[Event "Titled Tuesday intern op 01st Aug Early"]
[Site "Chess.com INT"]
[Date "2023.08.01"]
[Round "8"]
[White "Goltseva, Ekaterina"]
[Black "Shoboev, Dandar"]
[Result "1-0"]
[WhiteElo "2309"]
[BlackElo "2250"]
[PlyCount "85"]
[EventDate "2023.08.01"]
[EventType "swiss (blitz)"]
[EventRounds "11"]
[EventCountry "USA"]
[SourceTitle "EXT 2024"]
[Source "ChessBase"]
[SourceDate "2023.10.10"]
[SourceVersion "1"]
[SourceVersionDate "2023.10.10"]
[SourceQuality "1"]

1. d4 Nf6 2. c4 c5 3. d5 e6 4. Nc3 exd5 5. cxd5 d6 6. e4 g6 7. Nge2 Bg7 8. Ng3 0-0 9. Be2 h5 10. Bg5 Re8 11. 0-0 a6 12. a4 Nbd7 13. Qd2 Qc7 14. f4 Nh7 15. Bh4 Bf6 16. Bxf6 Nhxf6 17. e5 dxe5 18. f5 Kh7 19. Nce4 Qd8 20. Nd6 Rf8 21. Bd3 e4 22. Ngxe4 Nxe4 23. Nxe4 Ne5 24. fxg6+ fxg6 25. Rxf8 Qxf8 26. Rf1 Qg7 27. Nf6+ Kh8 28. Ne8 Qe7 29. Qh6+ Kg8 30. Nf6+ Kf7 31. Qh7+ Kf8 32. Ng8+ Qf7 33. Rxf7+ Nxf7 34. Bxg6 Ne5 35. Nf6 Bg4 36. Qg8+ Ke7 37. Qg7+ Kd6 38. Nxg4 Nxg4 39. Bxh5 Ne3 40. Qh6+ Kxd5 41. Qxe3 Re8 42. Bf3+ Kd6 43. Qxe8 1-0

[Event "Titled Tuesday intern op 01st Aug Early"]
[Site "Chess.com INT"]
[Date "2023.08.01"]
[Round "4"]
[White "Shoboev, Dandar"]
[Black "Heinemann, Josefine"]
[Result "1-0"]
[WhiteElo "2250"]
[BlackElo "2278"]
[PlyCount "105"]
[EventDate "2023.08.01"]
[EventType "swiss (blitz)"]
[EventRounds "11"]
[EventCountry "USA"]
[SourceTitle "EXT 2024"]
[Source "ChessBase"]
[SourceDate "2023.10.10"]
[SourceVersion "1"]
[SourceVersionDate "2023.10.10"]
[SourceQuality "1"]

1. d4 Nf6 2. Bf4 d5 3. Nf3 c5 4. e3 Nc6 5. Nbd2 Qb6 6. dxc5 Qxb2 7. Rb1 Qc3 8. Bb5 g6 9. 0-0 Bg7 10. e4 dxe4 11. Be5 Qa5 12. Nxe4 0-0 13. Nxf6+ Bxf6 14. Bxf6 exf6 15. Qd6 Be6 16. Bxc6 bxc6 17. Nd4 Rad8 18. Nxc6 Rxd6 19. Nxa5 Ra6 20. Nb7 Rc6 21. a3 Bc8 22. Rfc1 a6 23. c4 Bxb7 24. Rxb7 Rxc5 25. Rb6 a5 26. Rxf6 Rfc8 27. Rf4 Kg7 28. g3 h5 29. Rd4 R8c7 30. Kf1 Rb7 31. Rc3 Rb2 32. Rd5 Rxd5 33. cxd5 Rd2 34. Rc5 a4 35. Ra5 Rd3 36. Rxa4 Rxd5 37. Ra8 Rd2 38. h4 Ra2 39. a4 Kf6 40. a5 Kf5 41. a6 f6 42. Kg2 Kg4 43. Rg8 Rxa6 44. Rxg6+ Kf5 45. Rh6 Ra2 46. Rxh5+ Kg6 47. Rb5 Rc2 48. g4 Rc3 49. f3 Ra3 50. Kg3 Rc3 51. Rb6 Kg7 52. g5 fxg5 53. hxg5 1-0

[Event "Cheliabinsk Lozovatsky Memorial-A"]
[Site "Cheliabinsk"]
[Date "2023.02.01"]
[Round "6"]
[White "Shoboev, Dandar"]
[Black "Remizov, Yaroslav"]
[Result "1/2-1/2"]
[WhiteElo "2253"]
[BlackElo "2396"]
[PlyCount "29"]
[EventDate "2023.01.27"]
[EventType "swiss"]
[EventRounds "10"]
[EventCountry "RUS"]
[SourceTitle "CBM 212 Extra"]
[Source "ChessBase"]
[SourceDate "2023.03.31"]
[SourceVersion "1"]
[SourceVersionDate "2023.03.31"]
[SourceQuality "1"]

1. d4 Nf6 2. c4 e6 3. Nf3 d5 4. g3 dxc4 5. Bg2 a6 6. a4 Nc6 7. 0-0 Na5 8. Bg5 Be7 9. Nbd2 Nd5 10. Bxe7 Qxe7 11. Qc2 Nb4 12. Qc3 Nd5 13. Qc2 Nb4 14. Qc3 Nd5 15. Qc2 1/2-1/2

[Event "Cheliabinsk Lozovatsky Memorial-A"]
[Site "Cheliabinsk"]
[Date "2023.01.27"]
[Round "1"]
[White "Zakhartsov, Vladimir"]
[Black "Shoboev, Dandar"]
[Result "1-0"]
[WhiteElo "2537"]
[BlackElo "2253"]
[PlyCount "85"]
[EventDate "2023.01.27"]
[EventType "swiss"]
[EventRounds "10"]
[EventCountry "RUS"]
[SourceTitle "CBM 212 Extra"]
[Source "ChessBase"]
[SourceDate "2023.03.31"]
[SourceVersion "1"]
[SourceVersionDate "2023.03.31"]
[SourceQuality "1"]

1. d4 Nf6 2. c4 e6 3. Nf3 d5 4. Nc3 Bb4 5. Qa4+ Nc6 6. e3 0-0 7. Qc2 Re8 8. Bd2 a6 9. Rd1 Bd6 10. a3 dxc4 11. Bxc4 e5 12. Ng5 Rf8 13. dxe5 Nxe5 14. Nd5 g6 15. Nxf6+ Qxf6 16. Ne4 Qh4 17. Nxd6 cxd6 18. Be2 Ng4 19. Bxg4 Bxg4 20. Qa4 Qg5 21. f3 Be6 22. Kf2 Rac8 23. h4 Qe7 24. Bb4 Rc4 25. Qa5 Rc2+ 26. Kg3 Bf5 27. e4 Bxe4 28. Rxd6 b6 29. Qg5 f6 30. Qf4 a5 31. Re1 axb4 32. Rxe4 Qc7 33. Rxb4 Re8 34. Rdxb6 Qc5 35. Qd4 Qe7 36. Qd5+ Kh8 37. Re4 Qc7+ 38. Qd6 Qxd6+ 39. Rxd6 Rxe4 40. fxe4 Rxb2 41. Rxf6 Re2 42. Kf3 Re1 43. Ra6 1-0

[Event "RUS-ch Higher League 75th"]
[Site "Obninsk"]
[Date "2022.07.02"]
[Round "6"]
[White "Ekdyshman, Mikhail"]
[Black "Shoboev, Dandar"]
[Result "1/2-1/2"]
[WhiteElo "2307"]
[BlackElo "2244"]
[PlyCount "96"]
[EventDate "2022.06.26"]
[EventType "swiss"]
[EventRounds "9"]
[EventCountry "RUS"]
[SourceTitle "CBM 209 Extra"]
[Source "ChessBase"]
[SourceDate "2022.09.30"]
[SourceVersion "1"]
[SourceVersionDate "2022.09.30"]
[SourceQuality "1"]

1. e4 e5 2. Nf3 Nc6 3. Bc4 Bc5 4. 0-0 Nf6 5. d3 d6 6. c3 a5 7. Be3 Bxe3 8. fxe3 0-0 9. Qe1 d5 10. exd5 Nxd5 11. Bb5 f6 12. d4 e4 13. Nfd2 f5 14. Na3 Qg5 15. Bc4 Nce7 16. Qg3 Qxg3 17. hxg3 c6 18. Nc2 h5 19. Be2 g6 20. Nc4 Kg7 21. Ne5 Be6 22. a3 Nf6 23. c4 g5 24. b4 Ng6 25. Nxg6 Kxg6 26. Rfb1 axb4 27. axb4 Nd7 28. Kf2 Nb6 29. c5 Nd5 30. Bc4 Rxa1 31. Rxa1 Nxb4 32. Bxe6 Nxc2 33. Rc1 Nb4 34. Rb1 Nd3+ 35. Ke2 f4 36. gxf4 gxf4 37. Bc4 Ra8 38. Rxb7 Ra4 39. Bf7+ Kg5 40. Bg8 Ra1 41. exf4+ Nxf4+ 42. Kf2 Rd1 43. Rg7+ Kh6 44. Rc7 Kg5 45. Rg7+ Kf6 46. Rf7+ Kg5 47. Rg7+ Kh6 48. Rc7 Kg5 1/2-1/2

[Event "RUS-ch Higher League 75th"]
[Site "Obninsk"]
[Date "2022.06.27"]
[Round "2"]
[White "Riazantsev, Alexander"]
[Black "Shoboev, Dandar"]
[Result "1-0"]
[WhiteElo "2635"]
[BlackElo "2244"]
[PlyCount "69"]
[EventDate "2022.06.26"]
[EventType "swiss"]
[EventRounds "9"]
[EventCountry "RUS"]
[SourceTitle "CBM 209 Extra"]
[Source "ChessBase"]
[SourceDate "2022.09.30"]
[SourceVersion "1"]
[SourceVersionDate "2022.09.30"]
[SourceQuality "1"]

1. d4 Nf6 2. c4 c5 3. d5 e6 4. Nc3 exd5 5. cxd5 d6 6. e4 g6 7. Be2 Bg7 8. Be3 0-0 9. Nf3 Bg4 10. Nd2 Bxe2 11. Qxe2 Re8 12. f3 Na6 13. Nc4 Nc7 14. a4 Qe7 15. Qd2 Nd7 16. Bg5 Qf8 17. Bf4 Ne5 18. Nxe5 Bxe5 19. Bxe5 Rxe5 20. 0-0 Qg7 21. Rad1 Ree8 22. f4 f6 23. e5 dxe5 24. d6 Rad8 25. fxe5 fxe5 26. Ne4 Kh8 27. Ng5 Rd7 28. Ne4 Rdd8 29. b4 cxb4 30. Ng5 Rd7 31. Qa2 Qg8 32. Qxg8+ Kxg8 33. Ne4 Rf8 34. Rxf8+ Kxf8 35. Nc5 1-0

[Event "Cheliabinsk Variation-A"]
[Site "Cheliabinsk"]
[Date "2022.04.08"]
[Round "7"]
[White "Shoboev, Dandar"]
[Black "Matinian, Nikita"]
[Result "1/2-1/2"]
[WhiteElo "2221"]
[BlackElo "2460"]
[PlyCount "81"]
[EventDate "2022.04.01"]
[EventType "swiss"]
[EventRounds "9"]
[EventCountry "RUS"]
[SourceTitle "CBM 207 Extra"]
[Source "ChessBase"]
[SourceDate "2022.05.31"]
[SourceVersion "1"]
[SourceVersionDate "2022.05.31"]
[SourceQuality "1"]

1. d4 Nf6 2. c4 g6 3. Nc3 Bg7 4. e4 d6 5. Be2 0-0 6. Nf3 e5 7. 0-0 h6 8. d5 a5 9. Be3 Ng4 10. Bd2 Na6 11. Ne1 f5 12. f3 Nf6 13. Be3 f4 14. Bf2 g5 15. Nd3 h5 16. c5 g4 17. cxd6 cxd6 18. Kh1 Rf7 19. Na4 Rb8 20. Nb6 g3 21. Bg1 gxh2 22. Bf2 h4 23. Nxc8 Rxc8 24. Bxh4 Bf8 25. Rc1 Rxc1 26. Qxc1 Be7 27. Bxf6 Bxf6 28. Qd2 Bh4 29. b3 Nb8 30. Rc1 Nd7 31. Qc2 Nf6 32. Qc8 Nh5 33. Qg4+ Qg5 34. Rc8+ Kh7 35. Qxg5 Bxg5 36. Kxh2 Ng3 37. Bd1 Nf1+ 38. Kg1 Ne3 39. Be2 Bh4 40. Nf2 Rg7 41. Ng4 1/2-1/2

[Event "Cheliabinsk Variation-A"]
[Site "Cheliabinsk"]
[Date "2022.04.06"]
[Round "6"]
[White "Zverev, Lev"]
[Black "Shoboev, Dandar"]
[Result "0-1"]
[WhiteElo "2092"]
[BlackElo "2221"]
[PlyCount "92"]
[EventDate "2022.04.01"]
[EventType "swiss"]
[EventRounds "9"]
[EventCountry "RUS"]
[SourceTitle "CBM 207 Extra"]
[Source "ChessBase"]
[SourceDate "2022.05.31"]
[SourceVersion "1"]
[SourceVersionDate "2022.05.31"]
[SourceQuality "1"]

1. e4 c5 2. Nf3 d6 3. d4 cxd4 4. Nxd4 Nf6 5. Nc3 a6 6. h3 e6 7. g3 b5 8. Bg2 Bb7 9. a3 Nbd7 10. 0-0 Qc7 11. Qe2 Be7 12. Rd1 0-0 13. Nb3 Rac8 14. Bf4 Ne5 15. Nd2 Rfd8 16. Rac1 Nfd7 17. a4 b4 18. Na2 Nc5 19. b3 a5 20. Be3 Ba6 21. Qe1 Bf6 22. f4 Nc6 23. e5 Be7 24. Qf2 Nb8 25. exd6 Bxd6 26. Ne4 Nxe4 27. Bxe4 Qe7 28. Rd2 Nd7 29. Rcd1 Nf6 30. Bg2 Nd5 31. Bxd5 exd5 32. Rxd5 Bb7 33. R5d2 Qe4 34. Kh2 Bc7 35. Bd4 h5 36. Qe3 Qc6 37. Nc1 h4 38. Rg1 Rxd4 39. Rxd4 Bb6 40. c4 bxc3 41. gxh4 Re8 42. Qd3 Qf6 43. Qb5 Rf8 44. Rgd1 Bxd4 45. Qxb7 Qxf4+ 46. Kh1 c2 0-1

[Event "Cheliabinsk Variation-A"]
[Site "Cheliabinsk"]
[Date "2022.04.05"]
[Round "5"]
[White "Shoboev, Dandar"]
[Black "Danielyan, Vahe"]
[Result "1/2-1/2"]
[WhiteElo "2221"]
[BlackElo "2343"]
[PlyCount "104"]
[EventDate "2022.04.01"]
[EventType "swiss"]
[EventRounds "9"]
[EventCountry "RUS"]
[SourceTitle "CBM 207 Extra"]
[Source "ChessBase"]
[SourceDate "2022.05.31"]
[SourceVersion "1"]
[SourceVersionDate "2022.05.31"]
[SourceQuality "1"]

1. d4 Nf6 2. c4 e6 3. g3 c5 4. Nf3 d5 5. cxd5 exd5 6. Bg2 Nc6 7. 0-0 Be7 8. dxc5 0-0 9. Nd4 Bxc5 10. Nxc6 bxc6 11. Qc2 Nd7 12. Nc3 Bb6 13. Na4 Bb7 14. b3 Re8 15. Bb2 Qe7 16. e3 Rad8 17. Rfd1 h5 18. Rac1 h4 19. Bd4 Qe6 20. Qe2 Qg6 21. Rd2 f5 22. Qd1 Re6 23. b4 Rde8 24. Bxb6 axb6 25. b5 cxb5 26. Nc3 Nf6 27. Nxd5 Nxd5 28. Bxd5 Bxd5 29. Rxd5 f4 30. exf4 Qe4 31. Qd3 Qxd3 32. Rxd3 h3 33. Kf1 Re2 34. Rd8 Rxf2+ 35. Kxf2 Rxd8 36. Rc2 Rd3 37. Rb2 Ra3 38. g4 Kf7 39. Rxb5 Rxa2+ 40. Kg3 Ra3+ 41. Kh4 Rf3 42. f5 g6 43. fxg6+ Kxg6 44. Rxb6+ Kf7 45. g5 Rc3 46. Kg4 Ra3 47. Rf6+ Kg7 48. Rf3 Ra4+ 49. Kh5 Ra2 50. Rxh3 Rb2 51. Rh4 Kh7 52. Rh3 Kg7 1/2-1/2

[Event "Malaya Zemlya Rapid op"]
[Site "Novorossiysk"]
[Date "2021.07.10"]
[Round "5"]
[White "Shoboev, Dandar"]
[Black "Nazaretyan, Tigran"]
[Result "1-0"]
[WhiteElo "2192"]
[BlackElo "2316"]
[PlyCount "87"]
[EventDate "2021.07.10"]
[EventType "swiss (rapid)"]
[EventRounds "9"]
[EventCountry "RUS"]
[SourceTitle "CBM 203 Extra"]
[Source "ChessBase"]
[SourceDate "2021.09.30"]
[SourceVersion "1"]
[SourceVersionDate "2021.09.30"]
[SourceQuality "1"]

1. d4 Nf6 2. c4 c5 3. d5 b5 4. a4 bxc4 5. Nc3 g6 6. e4 d6 7. Nf3 Nbd7 8. Nd2 Ne5 9. Nxc4 Nxc4 10. Bxc4 Bg7 11. 0-0 0-0 12. Qc2 Rb8 13. Bd2 Qb6 14. b3 e6 15. a5 Qb7 16. Bf4 e5 17. Bd2 Bd7 18. Rab1 Qc7 19. Qa2 Nh5 20. Rfc1 f5 21. f3 Nf4 22. Ne2 g5 23. Ng3 g4 24. fxg4 fxe4 25. h3 Bb5 26. Kh2 Qf7 27. Rf1 Qg6 28. Qc2 Nd3 29. Bxb5 Rxb5 30. Qc4 Rfb8 31. Nxe4 Nb4 32. Rf5 h6 33. Rbf1 Rxa5 34. Nf6+ Kh8 35. Nh5 Ra2 36. R1f2 Rb7 37. Nxg7 Qxg7 38. Rf8+ Qxf8 39. Rxf8+ Kg7 40. Qf1 Nxd5 41. Bxh6+ Kxh6 42. Rh8+ Rh7 43. Qf8+ Kg5 44. Qf5+ 1-0

[Event "Malaya Zemlya Blitz op"]
[Site "Novorossiysk"]
[Date "2021.07.09"]
[Round "11"]
[White "Chigaev, Maksim"]
[Black "Shoboev, Dandar"]
[Result "1-0"]
[WhiteElo "2630"]
[BlackElo "2192"]
[PlyCount "39"]
[EventDate "2021.07.09"]
[EventType "swiss (blitz)"]
[EventRounds "13"]
[EventCountry "RUS"]
[SourceTitle "CBM 203 Extra"]
[Source "ChessBase"]
[SourceDate "2021.09.30"]
[SourceVersion "1"]
[SourceVersionDate "2021.09.30"]
[SourceQuality "1"]

1. e4 c5 2. Nc3 Nc6 3. Bb5 g6 4. Bxc6 dxc6 5. d3 Bg7 6. f4 Nf6 7. Nf3 0-0 8. 0-0 b6 9. Qe1 Nd7 10. Kh1 b5 11. f5 Ne5 12. Qh4 e6 13. Ng5 h6 14. f6 hxg5 15. Bxg5 Bh8 16. Rf4 Nd7 17. Raf1 e5 18. R4f3 Bxf6 19. Rxf6 Qc7 20. Qh6 1-0

[Event "FIDE World Uni Rapid-C 1st"]
[Site "Tornelo INT"]
[Date "2021.03.21"]
[Round "7"]
[White "Shoboev, Dandar"]
[Black "Albornoz Cabrera, Carlos Daniel"]
[Result "1/2-1/2"]
[WhiteElo "2185"]
[BlackElo "2573"]
[PlyCount "201"]
[EventDate "2021.03.20"]
[EventType "swiss (rapid)"]
[EventRounds "12"]
[EventCountry "NET"]
[SourceTitle "CBM 201 Extra"]
[Source "ChessBase"]
[SourceDate "2021.05.31"]
[SourceVersion "1"]
[SourceVersionDate "2021.05.31"]
[SourceQuality "1"]

1. d4 Nf6 2. c4 g6 3. Nc3 Bg7 4. e4 d6 5. Be2 0-0 6. Bg5 c5 7. d5 h6 8. Be3 e6 9. Nf3 exd5 10. exd5 Re8 11. 0-0 Ne4 12. Nxe4 Rxe4 13. Qd2 Kh7 14. Bd3 Re8 15. h3 Nd7 16. Rae1 Qb6 17. b3 Nf6 18. Bf4 Bd7 19. Bc2 Qc7 20. Rxe8 Rxe8 21. Re1 b5 22. g4 bxc4 23. bxc4 Rxe1+ 24. Qxe1 Ne8 25. Qe7 Kg8 26. Kg2 Bf8 27. Qe3 Kh7 28. Nd2 Nf6 29. g5 Nh5 30. gxh6 Nxf4+ 31. Qxf4 f5 32. Nf3 Bxh6 33. Qh4 Bc8 34. Ng5+ Kg7 35. Ne6+ Bxe6 36. dxe6 Qc6+ 37. Kg1 Qe8 38. e7 g5 39. Qg3 Qxe7 40. Bxf5 Qe5 41. Qf3 Qf4 42. Qb7+ Kf6 43. Bg4 Qxc4 44. Qh7 Bg7 45. Qf5+ Ke7 46. Qd7+ Kf6 47. Qxd6+ Kf7 48. Qd7+ Kf6 49. Qd6+ Kf7 50. Bh5+ Kg8 51. Qd8+ Kh7 52. Qxg5 Qd4 53. Qf5+ Kh8 54. Bf7 Qf6 55. Qxf6 Bxf6 56. Kg2 Kg7 57. Bc4 Bd4 58. f4 Kf6 59. Kf3 Kg6 60. a4 a5 61. Kg4 Kh6 62. h4 Bf6 63. h5 Kg7 64. Kf5 Bc3 65. Ke6 Bd2 66. f5 Bg5 67. Bd5 Bh4 68. Kd6 Kf6 69. Be4 Bg5 70. Kxc5 Bh6 71. Kd5 Bg5 72. Bc2 Bh6 73. Kd6 Bg5 74. Kc5 Kg7 75. Kb5 Bd2 76. Bb3 Be1 77. Bd5 Bd2 78. Bc6 Be1 79. Be8 Bd2 80. Kb6 Be1 81. Kc6 Bd2 82. Kd6 Kf6 83. Bg6 Be3 84. Kd5 Bd2 85. Kc5 Be3+ 86. Kb5 Bd2 87. h6 Bc3 88. h7 Kg7 89. Kb6 Kh8 90. f6 Bxf6 91. Kxa5 Bc3+ 92. Kb5 Bd2 93. Bc2 Be1 94. a5 Bxa5 95. Kxa5 Kg7 96. Kb5 Kh8 97. Kc6 Kg7 98. Kd7 Kh8 99. Ke7 Kg7 100. Ke8 Kh8 101. Kf8 1/2-1/2

[Event "Cheliabinsk Panchenko Memorial op-A"]
[Site "Cheliabinsk"]
[Date "2020.09.15"]
[Round "9"]
[White "Shoboev, Dandar"]
[Black "Belyakov, Bogdan"]
[Result "1/2-1/2"]
[WhiteElo "2225"]
[BlackElo "2481"]
[PlyCount "80"]
[EventDate "2020.09.07"]
[EventType "swiss"]
[EventRounds "9"]
[EventCountry "RUS"]
[SourceTitle "CBM 198 Extra"]
[Source "ChessBase"]
[SourceDate "2020.11.30"]
[SourceVersion "1"]
[SourceVersionDate "2020.11.30"]
[SourceQuality "1"]

1. d4 Nf6 2. c4 g6 3. Nc3 Bg7 4. e4 0-0 5. Be2 d6 6. Bg5 h6 7. Be3 c5 8. d5 e6 9. h3 exd5 10. exd5 Re8 11. Nf3 Na6 12. 0-0 g5 13. Re1 Bf5 14. Bd3 Qd7 15. a3 Nc7 16. Qc2 Bxd3 17. Qxd3 Rab8 18. b4 b6 19. b5 a6 20. a4 a5 21. Bd2 Rxe1+ 22. Rxe1 Re8 23. Rxe8+ Ncxe8 24. Ne2 Qe7 25. Ng3 Nd7 26. Nf5 Qf6 27. Nxg7 Qa1+ 28. Kh2 Nxg7 29. Bc3 Qxa4 30. Qe4 Qb3 31. Ba1 Qa2 32. Bc3 Qb3 33. Ba1 Qa2 34. Bc3 a4 35. h4 Qxf2 36. hxg5 hxg5 37. Qg4 Qe3 38. Qxd7 Qxc3 39. Qc8+ Kh7 40. Qh3+ Kg8 1/2-1/2

[Event "Cheliabinsk Panchenko Memorial op-A"]
[Site "Cheliabinsk"]
[Date "2020.09.09"]
[Round "3"]
[White "Shoboev, Dandar"]
[Black "Batozhargalov, Erdem"]
[Result "1-0"]
[WhiteElo "2225"]
[BlackElo "1349"]
[PlyCount "41"]
[EventDate "2020.09.07"]
[EventType "swiss"]
[EventRounds "9"]
[EventCountry "RUS"]
[SourceTitle "CBM 198 Extra"]
[Source "ChessBase"]
[SourceDate "2020.11.30"]
[SourceVersion "1"]
[SourceVersionDate "2020.11.30"]
[SourceQuality "1"]

1. d4 d5 2. Nf3 Nf6 3. g3 e6 4. Bg2 Be7 5. 0-0 c5 6. c4 Nc6 7. cxd5 exd5 8. dxc5 Bxc5 9. a3 a5 10. Bg5 Be6 11. Nc3 Be7 12. Nd4 0-0 13. Nxe6 fxe6 14. Qb3 Qd7 15. Rad1 h6 16. Bc1 Nh7 17. Bh3 Qd6 18. e4 Kh8 19. exd5 e5 20. dxc6 Qxc6 21. Bg2 1-0

[Event "Moscow op-A 16th"]
[Site "Moscow"]
[Date "2020.01.30"]
[Round "6"]
[White "Smirnov, Timofey"]
[Black "Shoboev, Dandar"]
[Result "1-0"]
[WhiteElo "2360"]
[BlackElo "2228"]
[PlyCount "111"]
[EventDate "2020.01.25"]
[EventType "swiss"]
[EventRounds "9"]
[EventCountry "RUS"]
[SourceTitle "CBM 194 Extra"]
[Source "ChessBase"]
[SourceDate "2020.03.31"]
[SourceVersion "1"]
[SourceVersionDate "2020.03.31"]
[SourceQuality "1"]

1. e4 c5 2. Nf3 e6 3. d4 cxd4 4. Nxd4 Nc6 5. Nb5 d6 6. Bf4 e5 7. Be3 Nf6 8. Bg5 a6 9. N5c3 Be6 10. Bxf6 Qxf6 11. Nd5 Qd8 12. Nbc3 Be7 13. a4 0-0 14. g3 Nd4 15. Bg2 Rc8 16. Ne3 Bg5 17. 0-0 Bxe3 18. fxe3 Nc6 19. Qd2 Na5 20. b3 Nc6 21. Ne2 Qb6 22. Nc1 Rfd8 23. a5 Qc7 24. Ne2 Bg4 25. Bf3 Be6 26. Rfb1 Ne7 27. c4 f5 28. Nc3 Rf8 29. Rd1 Rcd8 30. exf5 Nxf5 31. Bd5 Bxd5 32. Nxd5 Qd7 33. Rf1 Nh6 34. Qe2 Rxf1+ 35. Rxf1 Rf8 36. Rxf8+ Kxf8 37. Qf3+ Nf7 38. Nb6 Qc7 39. Qf5 Kg8 40. Qe6 Qd8 41. b4 g6 42. h4 Kg7 43. Kf2 Qf6+ 44. Qxf6+ Kxf6 45. e4 Nd8 46. b5 h6 47. Ke3 Ke7 48. Nd5+ Kd7 49. Nb4 axb5 50. cxb5 Ne6 51. Nd5 Nd4 52. a6 bxa6 53. bxa6 Kc6 54. g4 Ne6 55. Kf3 Nc7 56. a7 1-0

[Event "Moscow op-A 16th"]
[Site "Moscow"]
[Date "2020.01.25"]
[Round "1"]
[White "Shoboev, Dandar"]
[Black "Tsydypov, Zhamsaran"]
[Result "0-1"]
[WhiteElo "2228"]
[BlackElo "2553"]
[PlyCount "74"]
[EventDate "2020.01.25"]
[EventType "swiss"]
[EventRounds "9"]
[EventCountry "RUS"]
[SourceTitle "CBM 194 Extra"]
[Source "ChessBase"]
[SourceDate "2020.03.31"]
[SourceVersion "1"]
[SourceVersionDate "2020.03.31"]
[SourceQuality "1"]

1. d4 Nf6 2. c4 e6 3. g3 d5 4. Nf3 c6 5. Bg2 Nbd7 6. Qc2 Be7 7. 0-0 0-0 8. Nbd2 b6 9. Rd1 Bb7 10. e4 Rc8 11. b3 c5 12. exd5 exd5 13. Qf5 g6 14. Qf4 cxd4 15. Nxd4 Nh5 16. Qg4 Bc5 17. Bb2 Re8 18. cxd5 Nhf6 19. Qh3 Ne5 20. Nc4 Neg4 21. b4 Bxb4 22. Nc6 Bxc6 23. dxc6 Qe7 24. Bf3 h5 25. Qg2 Bc5 26. Bd4 Bxd4 27. Rxd4 Qc5 28. Rf4 g5 29. Rxf6 Nxf6 30. Qf1 Ne4 31. Bxh5 Rxc6 32. Ne3 Kf8 33. Re1 Rf6 34. Ng4 Rfe6 35. Rc1 Qd4 36. Qb5 Nc5 37. Qb1 Qh8 0-1

[Event "Voronezh op-A 23rd"]
[Site "Voronezh"]
[Date "2019.06.16"]
[Round "5"]
[White "Maneluk, Daniil"]
[Black "Shoboev, Dandar"]
[Result "1-0"]
[WhiteElo "2201"]
[BlackElo "2288"]
[PlyCount "59"]
[EventDate "2019.06.12"]
[EventType "swiss"]
[EventRounds "9"]
[EventCountry "RUS"]
[SourceTitle "EXT 2020"]
[Source "ChessBase"]
[SourceDate "2019.10.17"]
[SourceVersion "1"]
[SourceVersionDate "2019.10.17"]
[SourceQuality "1"]

1. e4 c6 2. d4 d5 3. Nc3 dxe4 4. Nxe4 Bf5 5. Ng3 Bg6 6. h4 h6 7. h5 Bh7 8. Nf3 Nd7 9. Bd3 Bxd3 10. Qxd3 e6 11. Bd2 Ngf6 12. 0-0-0 Be7 13. Kb1 0-0 14. Rhe1 Re8 15. Ne4 Nxe4 16. Qxe4 Nf6 17. Qe2 Bf8 18. g4 Nxg4 19. Rg1 f5 20. Ne5 Nxe5 21. dxe5 Qh4 22. Bxh6 Rad8 23. Bg5 Rxd1+ 24. Qxd1 Qxf2 25. h6 g6 26. h7+ Kxh7 27. Rh1+ Kg8 28. Bf6 Qc5 29. Qd7 Re7 30. Qc8 1-0

[Event "Voronezh op-A 23rd"]
[Site "Voronezh"]
[Date "2019.06.14"]
[Round "3"]
[White "Savitha Shri, B."]
[Black "Shoboev, Dandar"]
[Result "0-1"]
[WhiteElo "2144"]
[BlackElo "2288"]
[PlyCount "112"]
[EventDate "2019.06.12"]
[EventType "swiss"]
[EventRounds "9"]
[EventCountry "RUS"]
[SourceTitle "EXT 2020"]
[Source "ChessBase"]
[SourceDate "2019.10.17"]
[SourceVersion "1"]
[SourceVersionDate "2019.10.17"]
[SourceQuality "1"]

1. Nf3 Nf6 2. g3 d5 3. Bg2 e6 4. b3 Be7 5. Bb2 0-0 6. 0-0 c5 7. d3 b6 8. Nbd2 Bb7 9. Ne5 Nbd7 10. e4 b5 11. f4 Nxe5 12. fxe5 Ne8 13. exd5 Bxd5 14. Ne4 Rc8 15. Qh5 Bxe4 16. Bxe4 g6 17. Qf3 c4 18. dxc4 Qb6+ 19. Kh1 bxc4 20. Rad1 Rc7 21. g4 Qa5 22. Bd4 Bc5 23. Bc3 Bb4 24. Bd4 cxb3 25. axb3 Bc3 26. Bxc3 Rxc3 27. Qf4 Qc7 28. Rd3 Rc5 29. Bg2 Rxe5 30. Qa4 Qxc2 31. Rd7 Qc8 32. Qxa7 Ra5 33. Qd4 Qc5 34. Qf4 Ra7 35. b4 Qb6 36. Qd4 Qxd4 37. Rxd4 Nc7 38. Rd7 Nb5 39. Rxa7 Nxa7 40. Ra1 Nb5 41. Bf1 Rb8 42. Ra5 Nd4 43. b5 Rb7 44. Kg2 f5 45. gxf5 gxf5 46. Ra6 Kf7 47. Bc4 Kf6 48. h4 Rc7 49. Ba2 Ke5 50. h5 h6 51. Kf2 f4 52. b6 Rc2+ 53. Kf1 Rb2 54. Bc4 f3 55. Ba2 Nf5 56. Ra5+ Kf4 0-1

[Event "Nezhmetdinov Memorial 41st"]
[Site "Kazan"]
[Date "2019.06.01"]
[Round "2"]
[White "Shoboev, Dandar"]
[Black "Timofeev, Artyom"]
[Result "0-1"]
[WhiteElo "2301"]
[BlackElo "2602"]
[PlyCount "74"]
[EventDate "2019.05.31"]
[EventType "swiss"]
[EventRounds "9"]
[EventCountry "RUS"]
[SourceTitle "CBM 190 Extra"]
[Source "ChessBase"]
[SourceDate "2019.07.15"]
[SourceVersion "1"]
[SourceVersionDate "2019.07.15"]
[SourceQuality "1"]

1. d4 Nf6 2. c4 g6 3. Nc3 d5 4. cxd5 Nxd5 5. e4 Nxc3 6. bxc3 Bg7 7. Nf3 c5 8. Be3 Qa5 9. Qd2 0-0 10. Rc1 Bg4 11. d5 Bxf3 12. gxf3 Nd7 13. c4 Qa3 14. f4 Rad8 15. Bg2 e5 16. 0-0 exf4 17. Bxf4 Bd4 18. Rfe1 Ne5 19. Bxe5 Bxe5 20. f4 Bd4+ 21. Kh1 f6 22. Re2 Rfe8 23. Rf1 Qa6 24. Qd3 Kh8 25. Rfe1 Qd6 26. Qg3 Qa6 27. Qd3 Qa5 28. Bh3 a6 29. Rb1 Qc7 30. Qg3 b5 31. cxb5 axb5 32. Be6 b4 33. Rd1 Bc3 34. Rd3 c4 35. Rxc3 bxc3 36. Rf2 Rxe6 37. dxe6 Rd3 0-1